000 00436nam a2200181Ia 4500
001 18494
005 20260306171634.0
008 260306s9999||||xx |||||||||||||| ||und||
041 _aESP
082 _a658.406
_bH76 T. 1
100 _aHorna Figueroa, Alcibiades
_eAUT
245 0 _aSistema 11 11:
_bonce-once
260 _c2002
300 _a198 páginas :
_c24 cm.
650 _aGEN
654 _aCAN
942 _cLIB
_dJUS
_fJUS
_2ddc
_n
999 _c18494
_d18494